MAASAI MARA UNIVERSITY

LIBRARY CATALOGUE

Contact Us: +254 020 2685356/7 or 0774 057787

Box: 861-20500, NAROK, KENYA

Email: info@mmarau.ac.ke

Deep Ronald (Record no. 757)

MARC details
000 -LEADER
fixed length control field 00403nam a2200145Ia 4500
008 - FIXED-LENGTH DATA ELEMENTS--GENERAL INFORMATION
fixed length control field 151015s9999 xx 000 0 und d
020 ## - INTERNATIONAL STANDARD BOOK NUMBER
International Standard Book Number 8131208362
050 ## - LIBRARY OF CONGRESS CALL NUMBER
Classification number QA 273.19.E4D44 2006
245 ## - TITLE STATEMENT
Title Deep Ronald
250 ## - EDITION STATEMENT
Edition statement _Probability and Statistics
300 ## - PHYSICAL DESCRIPTION
Extent USA Academic Press 2006
500 ## - GENERAL NOTE
General note include index
650 ## - SUBJECT ADDED ENTRY--TOPICAL TERM
Topical term or geographic name as entry element _Probability and statistics
700 ## - ADDED ENTRY--PERSONAL NAME
Personal name ^d20110117 03:02:38^okorir

No items available.

© 2016 Maasai Mara University.